Les eaux souterraines à l'époque actuelle (Record no. 184416)

MARC details
000 -LEADER
campo de control de longitud fija 00631nam a2200157 i 4500
001 - NÚMERO DE CONTROL
campo de control 184416
003 - IDENTIFICADOR DE NÚMERO DE CONTROL
campo de control ES-MaACL
005 - FECHA Y HORA DE LA ÚLTIMA TRANSACCIÓN
campo de control 20230906222205.0
008 - DATOS DE LONGITUD FIJA--INFORMACIÓN GENERAL
campo de control de longitud fija 150821s1887 fr |||| | fre d
100 0# - ENTRADA PRINCIPAL--NOMBRE DE PERSONA
Nombre de persona Daubrée, Auguste.
9 (RLIN) 42793
245 14 - MENCIÓN DEL TÍTULO
Título Les eaux souterraines à l'époque actuelle
Resto del título : leur régime, leur température, leur composition, au point de vue du rôle qui leur revient dans l'économie de l'écorce terrestre /
Mención de responsabilidad, etc. par A. Daubrée...
260 ## - PUBLICACIÓN, DISTRIBUCIÓN, ETC.
Lugar de publicación, distribución, etc. Paris :
Nombre del editor, distribuidor, etc. Vve Ch. Dunod,
Fecha de publicación, distribución, etc. 1887.
300 ## - DESCRIPCIÓN FÍSICA
Extensión 2 vol. (455 p., 302 p.) :
Otras características físicas il. ;
Dimensiones 25 cm.
650 #4 - PUNTO DE ACCESO ADICIONAL DE MATERIA--TÉRMINO DE MATERIA
Término de materia o nombre geográfico como elemento de entrada Aguas subterráneas.
9 (RLIN) 135536
852 ## - LOCALIZACIÓN
Ubicación ES-MaACL
Número de control de estantería F-1400-01
Holdings
Estatus retirado Estado de pérdida Estado de daño No para préstamo Colección Biblioteca de origen Biblioteca actual Ubicación en estantería Fecha de adquisición Fuente de adquisición Total de préstamos Signatura topográfica completa Código de barras Visto por última vez Precio de reemplazo Tipo de ítem Koha
        Libros del s. XIX Biblioteca del Ateneo de Madrid Biblioteca del Ateneo de Madrid Sala Pecera Planta 2 21/08/2015     F-1400-01 1194059 23/02/2023 23/02/2023 Libro impreso antiguo